[Event "IND AICF-ch blind 18th"]
[Site "Odisha"]
[Date "2025.04.02"]
[Round "1"]
[White "Mayank, Sharma"]
[Black "Vivek, Kumar Srivastava"]
[Result "1-0"]
[WhiteElo "1697"]
[BlackElo "1534"]
[PlyCount "53"]
[EventDate "2025.04.02"]
[EventType "swiss"]
[EventRounds "9"]
[EventCountry "IND"]
[SourceTitle "CB15_2025"]
[SourceDate "2025.04.09"]
[SourceVersion "1"]
[SourceVersionDate "2025.04.09"]
[SourceQuality "1"]

1. e4 e5 2. Nf3 Nc6 3. d4 exd4 4. Nxd4 Nxd4 5. Qxd4 d6 6. Nc3 c6 7. Bf4 Be6 8. 0-0-0 Nf6 9. Bxd6 Bxd6 10. Qxd6 Qxd6 11. Rxd6 0-0 12. Be2 Rfd8 13. Rhd1 Rd7 14. e5 Rad8 15. Rxd7 Nxd7 16. Ne4 Re8 17. Nd6 Rb8 18. f4 b5 19. Bf3 c5 20. f5 Bxa2 21. b3 Bxb3 22. cxb3 Nxe5 23. Be2 a6 24. Rd5 Nd7 25. Ne4 g6 26. Rxd7 Re8 27. Nf6+ 1-0